Pokemon by Picture Gen 2 - Statistics

General Stats
  • This quiz has been taken 74 times
  • The average score is 58 of 100
Answer Stats
Picture Answer % Correct
Chikorita
92%
Pichu
81%
Cyndaquil
79%
Umbreon
79%
Espeon
77%
Mareep
77%
Steelix
77%
Bayleef
75%
Hoothoot
75%
Totodile
75%
Meganium
73%
Slowking
73%
Ho-Oh
71%
Togepi
71%
Wooper
71%
Murkrow
69%
Natu
69%
Slugma
69%
Teddiursa
69%
Typhlosion
69%
Cleffa
67%
Sudowoodo
67%
Swinub
67%
Furret
65%
Hoppip
65%
Porygon2
65%
Wobbuffet
65%
Celebi
63%
Lugia
63%
Marill
63%
Noctowl
63%
Quilava
63%
Xatu
63%
Aipom
60%
Crobat
60%
Dunsparce
60%
Houndoom
60%
Igglybuff
60%
Kingdra
60%
Miltank
60%
Phanpy
60%
Pineco
60%
Skarmory
60%
Unown
60%
Ampharos
58%
Delibird
58%
Hitmontop
58%
Houndour
58%
Misdreavus
58%
Sneasel
58%
Tyranitar
58%
Entei
56%
Feraligatr
56%
Flaaffy
56%
Girafarig
56%
Heracross
56%
Quagsire
56%
Scizor
56%
Sentret
56%
Spinarak
56%
Togetic
56%
Azumarill
54%
Gligar
54%
Larvitar
54%
Shuckle
54%
Sunkern
54%
Blissey
52%
Croconaw
52%
Elekid
52%
Ledyba
52%
Raikou
52%
Suicune
52%
Ursaring
52%
Stantler
50%
Yanma
50%
Donphan
48%
Forretress
48%
Piloswine
48%
Pupitar
48%
Snubbull
48%
Sunflora
48%
Chinchou
46%
Corsola
46%
Granbull
46%
Lanturn
46%
Mantine
46%
Smeargle
46%
Bellossom
44%
Magby
44%
Octillery
44%
Politoed
44%
Skiploom
44%
Ariados
42%
Ledian
42%
Tyrogue
42%
Jumpluff
40%
Qwilfish
40%
Smoochum
40%
Magcargo
38%
Remoraid
38%
No matching quizzes found
Score Distribution
Percent of People with Each Score
Percentile by Number Answered
Your Score History
You have not taken this quiz